| 000 | 01186nam a2200253 i 4500 | ||
|---|---|---|---|
| 001 | bg | ||
| 100 | 1 | _aGRYBOŚ, Paweł | |
| 245 | 1 | 0 |
_aLow noise multichannel integrated circuits in CMOS technology for physics and biology applications / _cPaweł Gryboś. |
| 246 | 1 | 5 | _aNiskoszumne wielokanałowe układy scalone w technologii CMOS dla potrzeb eksperymentów fizyki i biologii |
| 260 |
_aKraków : _bAGH Uczelniane Wydawnictwa Naukowo-Dydaktyczne, _c2003. |
||
| 300 |
_a126, [1] s. : _bil. ; _c24 cm. |
||
| 490 | 1 |
_aRozprawy, Monografie / [Akademia Górniczo-Hutnicza im. Stanisława Staszica w Krakowie] = _aDissertations, Monographies, _x0867-6631 ; _v117 |
|
| 500 | _aStreszcz. pol. | ||
| 500 | _aTyt. równol.: Niskoszumne wielokanałowe układy scalone w technologii CMOS dla potrzeb eksperymentów fizyki i biologii. | ||
| 504 | _aBibliogr. | ||
| 650 | 9 |
_aNeurobiologia _xelektronika |
|
| 650 | 9 |
_aUkłady scalone _xprojekty |
|
| 830 | 0 |
_aRozprawy, Monografie ([Akademia Górniczo-Hutnicza im. Stanisława Staszica w Krakowie]) ; _v117 |
|
| 040 | _cBPK | ||
| 041 | 0 |
_aeng _bpol |
|
| 080 | _a621.3.049.77:576.3 | ||
| 942 | _cKS | ||
| 008 | s pl f |000 0 pol | ||
| 999 |
_c45632 _d45632 |
||
| 856 |
_uhttp://koha.tu.koszalin.pl/cgi-bin/koha/opac-detail.pl?biblionumber=45632 _yKatalog online BPK |
||